00321 a2200109 4500001001000000005001700010008004100027245003600068100002500104773006500129999001700194ART_1281920260410161909.0260409a 10aEl nuevo ABC o Time Driving ABC1 aSmolje, Alejandro R.0 tCostos y gestióng- Año 14, Nº 54 (dic. 2004)wREV12786 c26662d26662